| 000 | 00000nam##2200000za#4500 |
| 001 | 9.686241 |
| 003 | CaOODSP |
| 005 | 20210624230439 |
| 007 | cr ||||||||||| |
| 008 | 150407|2001||||xxc|||||o f|0| 0 eng|d |
| 020 | |a0-662-30990-1 |
| 040 | |aCaOODSP|beng |
| 043 | |an-cn--- |
| 086 | 1 |aEn40-644/2001E-IN |
| 110 | 1 |aCanada. |bEnvironment Canada. |bEnvironmental Protection Branch. |
| 245 | 10|aIssues related to benzene in eastern Montreal / |h[electronic resource]|c[by] André Germain, Jacques Rousseau and Tom Dann. |
| 260 | |aMontreal - Quebec : |bEnvironment Canada. |c2001. |
| 300 | |a20p.|bcoloured map, graphs, references, tables |
| 590 | |a12-21-Supp|b2012-05-18 |
| 690 | 07|aAir pollution|2gcpds |
| 720 | 1 |aRousseau, Jacques |
| 720 | 1 |aGermain, André |
| 720 | 1 |aDann, Tom |
| 775 | 08|tProblématique du benzène dans l'est de Montréal / |w(CaOODSP)9.630729 |
| 776 | 0#|tIssues related to benzene in eastern Montreal / |w(CaOODSP)9.663115 |
| 776 | 0#|tProblématique du benzène dans l'est de Montréal / |w(CaOODSP)9.663116 |
| 856 | 40|ahttp://publications.gc.ca|qPDF|s246 KB|uhttps://publications.gc.ca/collections/Collection/En40-644-2001E.pdf |